Loading...

Consumer behaviour Text and cases /

Bibliographic Details
Main Author: Suja R. Nair
Language:Undetermined
Published: Delhi : Himalaya Publishing House , 1999.
LEADER 00480nam a2200145Ia 4500
001 104751
008 170722s9999 xx 000 0 und d
020 |a 8174935886 
100 |a Suja R. Nair 
245 |a Consumer behaviour  |b Text and cases / 
260 |a Delhi :  |b Himalaya Publishing House ,  |c 1999. 
300 |a 317 p.  |c 22cms 
942 |c GEN 
999 |c 119124  |d 119124 
952 |0 0  |1 0  |4 0  |6 X_321_N9  |7 0  |8 LC1  |9 168526  |a LIB  |b LIB  |d 2017-08-12  |h LC1  |o X:321 N9  |p 234146  |r 2017-08-12  |v 425.00  |w 2017-08-12  |y GEN